000 00738cab a2200205 4500
001 X2214
008 090401t1995 xxu||||| |||| 00| 0 eng d
035 _a(Sirsi) u22633
041 _aeng
245 _aNorwich Union Life Insurance Society v Attorney General
260 _c1995
350 _a0
490 _aNew Property Cases
_v(1995) NPC 86
520 _aPrivy Council 9 May 1995. A rent review clause which somewhat unusually did not contain a ratchet provision could not be said not to have been negotiated at arms length. (Headnote from journal) NO PHOTOCOPYING ALLOWED
650 _aRATCHET PROVISION
650 _aRENT REVIEWS
690 _aLANDLORD AND TENANT-CASE LAW-RENT REVIEWS
942 _n0
948 _c04/03/1997
999 _c15169
_d15169